[Event "MNE-ch 76th"]
[Site "Podgorica"]
[Date "2024.02.09"]
[Round "4"]
[White "Nenezic, Danilo"]
[Black "Djurovic, Peko"]
[Result "0-1"]
[WhiteElo "2086"]
[BlackElo "2332"]
[PlyCount "90"]
[EventDate "2024.02.06"]
[EventType "swiss"]
[EventRounds "11"]
[EventCountry "MNE"]
[SourceTitle "CB08_2024"]
[SourceDate "2024.02.21"]
[SourceVersion "1"]
[SourceVersionDate "2024.02.21"]
[SourceQuality "1"]

1. e4 c5 2. Nf3 Nc6 3. d4 cxd4 4. Nxd4 Nf6 5. Nc3 e5 6. Ndb5 d6 7. Bg5 a6 8. Na3 b5 9. Nd5 Be7 10. Bxf6 Bxf6 11. c3 Bg5 12. Nc2 0-0 13. h4 Bh6 14. Nce3 Bxe3 15. Nxe3 Ne7 16. Be2 Be6 17. Bf3 a5 18. Qd2 Qb6 19. 0-0 b4 20. Nf5 Bxf5 21. exf5 Rac8 22. f6 gxf6 23. Rfe1 d5 24. Qh6 Qe6 25. cxb4 axb4 26. a3 Rc2 27. Re2 Rc4 28. g3 Nf5 29. Qh5 Nd4 30. Rd2 Kg7 31. Bg2 b3 32. Re1 Rfc8 33. Kh2 f5 34. Rd3 e4 35. Rd2 Nc2 36. Red1 d4 37. Bh3 R8c5 38. Qg5+ Qg6 39. Qd8 d3 40. g4 fxg4 41. Rg1 h5 42. f3 e3 43. Rxd3 e2 44. Rd6 Qf5 45. fxg4 Qf2+ 0-1

[Event "MNE-ch 76th"]
[Site "Podgorica"]
[Date "2024.02.06"]
[Round "1"]
[White "Kadric, Denis"]
[Black "Nenezic, Danilo"]
[Result "1-0"]
[WhiteElo "2586"]
[BlackElo "2086"]
[PlyCount "61"]
[EventDate "2024.02.06"]
[EventType "swiss"]
[EventRounds "11"]
[EventCountry "MNE"]
[SourceTitle "CB08_2024"]
[SourceDate "2024.02.21"]
[SourceVersion "1"]
[SourceVersionDate "2024.02.21"]
[SourceQuality "1"]

1. e4 c5 2. Nc3 e6 3. Nge2 a6 4. g3 b5 5. d4 cxd4 6. Nxd4 Bb7 7. Bg2 b4 8. Na4 Nf6 9. c4 Qc7 10. 0-0 d6 11. Re1 Be7 12. Bd2 Nc6 13. Nxc6 Bxc6 14. Bxb4 Nd7 15. Nc3 0-0 16. Nd5 Bxd5 17. cxd5 e5 18. Rc1 Qb7 19. Ba3 a5 20. Rc6 Nb8 21. Rc3 Na6 22. Qd2 h6 23. Rec1 f5 24. Rc6 fxe4 25. Bxd6 Bg5 26. Qe2 Bxc1 27. Bxf8 Bxb2 28. Bxg7 e3 29. Bxh6 exf2+ 30. Kf1 Bd4 31. Be4 1-0

[Event "MNT-chT"]
[Site "Herceg Novi"]
[Date "2023.05.04"]
[Round "5.1"]
[White "Nenezic, Danilo"]
[Black "Milanovic, Slavisa"]
[Result "0-1"]
[WhiteElo "2082"]
[BlackElo "2316"]
[PlyCount "48"]
[EventDate "2023.05.01"]
[EventType "team-tourn"]
[EventRounds "9"]
[EventCountry "MNE"]
[SourceTitle "CBM 214 Extra"]
[Source "ChessBase"]
[SourceDate "2023.07.31"]
[SourceVersion "1"]
[SourceVersionDate "2023.07.31"]
[SourceQuality "1"]
[WhiteTeam "Prosvjeta"]
[BlackTeam "Mimoza"]
[WhiteTeamCountry "MNE"]
[BlackTeamCountry "MNE"]

1. e4 e6 2. d4 d5 3. Nc3 Bb4 4. e5 c5 5. Bd2 Nh6 6. Nb5 Bxd2+ 7. Qxd2 0-0 8. f4 a6 9. Nc3 cxd4 10. Nce2 f6 11. exf6 Qxf6 12. Nf3 Nc6 13. 0-0-0 Ng4 14. Re1 Nf2 15. Rg1 Bd7 16. g3 Ne4 17. Qd1 e5 18. Nxe5 Nxe5 19. fxe5 Qg5+ 20. Kb1 Nd2+ 21. Ka1 Nf3 22. Bg2 Nxe1 23. Rxe1 Bg4 24. Qd3 Qxe5 0-1

[Event "MNT-ch 75th"]
[Site "Podgorica"]
[Date "2023.02.06"]
[Round "2"]
[White "Pecurica, Milos"]
[Black "Nenezic, Danilo"]
[Result "1-0"]
[WhiteElo "2320"]
[BlackElo "2128"]
[PlyCount "63"]
[EventDate "2023.02.05"]
[EventType "swiss"]
[EventRounds "9"]
[EventCountry "MNE"]
[SourceTitle "CBM 212 Extra"]
[Source "ChessBase"]
[SourceDate "2023.03.31"]
[SourceVersion "1"]
[SourceVersionDate "2023.03.31"]
[SourceQuality "1"]

1. e4 c5 2. Nf3 d6 3. Bb5+ Bd7 4. Bxd7+ Qxd7 5. c4 Nf6 6. Nc3 e6 7. d4 cxd4 8. Nxd4 Be7 9. 0-0 0-0 10. Qe2 Nc6 11. Rd1 Nxd4 12. Rxd4 Qc6 13. Bg5 h6 14. Bh4 a6 15. Rad1 Rac8 16. a4 Rfd8 17. b3 Qb6 18. R4d3 Kf8 19. Qa2 g5 20. Bg3 Nh5 21. Qe2 Nxg3 22. hxg3 Kg7 23. Qh5 Rf8 24. Qf3 Rc5 25. Ne2 Re5 26. g4 f5 27. exf5 exf5 28. Nd4 fxg4 29. Qxg4 Kh7 30. Rf3 Bf6 31. Ne6 Rf7 32. Qh5 1-0

[Event "MNT Team Cup"]
[Site "Herceg Novi"]
[Date "2022.05.21"]
[Round "3.2"]
[White "Milosevic, Milos"]
[Black "Nenezic, Danilo"]
[Result "1-0"]
[WhiteElo "2288"]
[BlackElo "2114"]
[PlyCount "67"]
[EventDate "2022.05.20"]
[EventType "swiss"]
[EventRounds "5"]
[EventCountry "MNE"]
[SourceTitle "CBM 208 Extra"]
[Source "ChessBase"]
[SourceDate "2022.07.31"]
[SourceVersion "1"]
[SourceVersionDate "2022.07.31"]
[SourceQuality "1"]

1. e4 c5 2. Nf3 e6 3. Nc3 d6 4. d4 cxd4 5. Nxd4 a6 6. Be3 Nf6 7. Qd2 Be7 8. f3 0-0 9. 0-0-0 Qc7 10. g4 Nc6 11. h4 Nd7 12. g5 Nde5 13. f4 Nxd4 14. Qxd4 Nc6 15. Qd2 b5 16. Qf2 b4 17. Na4 b3 18. axb3 Nb4 19. f5 d5 20. f6 Bd6 21. fxg7 Re8 22. Bb6 Bg3 23. Qd2 Qf4 24. Be3 Qb8 25. Nb6 a5 26. Nxa8 Qxa8 27. Bb5 Re7 28. c3 Na6 29. exd5 exd5 30. g6 Nc7 31. gxh7+ Kxh7 32. Bd3+ f5 33. Bd4 Ne8 34. Qg5 1-0

[Event "MNT-ch 74th"]
[Site "Podgorica"]
[Date "2022.02.27"]
[Round "9"]
[White "Nenezic, Danilo"]
[Black "Pobor, Milo"]
[Result "0-1"]
[WhiteElo "2137"]
[BlackElo "2195"]
[PlyCount "96"]
[EventDate "2022.02.19"]
[EventType "swiss"]
[EventRounds "9"]
[EventCountry "MNE"]
[SourceTitle "EXT 2023"]
[Source "ChessBase"]
[SourceDate "2022.10.05"]
[SourceVersion "1"]
[SourceVersionDate "2022.10.05"]
[SourceQuality "1"]

1. e4 c5 2. Nf3 Nc6 3. d4 cxd4 4. Nxd4 Nf6 5. Nc3 e5 6. Ndb5 d6 7. a4 a6 8. Na3 Bg4 9. Be2 Bxe2 10. Qxe2 d5 11. exd5 Nxd5 12. Nxd5 Qxd5 13. 0-0 Nd4 14. Qd1 Rd8 15. c3 Nb3 16. Qxd5 Rxd5 17. Ra2 Bc5 18. Nc4 Nxc1 19. Rxc1 Ke7 20. b4 Ba7 21. Re2 f6 22. Na5 Rc8 23. Kf1 Bb6 24. Nb3 Rd3 25. Rec2 e4 26. a5 Ba7 27. Ke2 f5 28. Nd2 Rc6 29. c4 Rg6 30. g3 Bd4 31. c5 Kd7 32. Nc4 Rh6 33. h4 f4 34. gxf4 Rxh4 35. c6+ bxc6 36. Ne5+ Bxe5 37. fxe5 Rh6 38. Rc4 Rd5 39. Rxe4 Re6 40. f4 g5 41. Ke3 gxf4+ 42. Kxf4 Re7 43. Kf5 Rf7+ 44. Kg5 c5 45. b5 axb5 46. Rh1 c4 47. Rh6 c3 48. Ra6 c2 0-1

[Event "MNT-ch 74th"]
[Site "Podgorica"]
[Date "2022.02.25"]
[Round "7"]
[White "Nenezic, Danilo"]
[Black "Sukovic, Andrej"]
[Result "0-1"]
[WhiteElo "2137"]
[BlackElo "2311"]
[PlyCount "98"]
[EventDate "2022.02.19"]
[EventType "swiss"]
[EventRounds "9"]
[EventCountry "MNE"]
[SourceTitle "EXT 2023"]
[Source "ChessBase"]
[SourceDate "2022.10.05"]
[SourceVersion "1"]
[SourceVersionDate "2022.10.05"]
[SourceQuality "1"]

1. e4 c5 2. Nf3 d6 3. d4 cxd4 4. Nxd4 Nf6 5. Nc3 a6 6. Be2 e5 7. Nb3 Be7 8. 0-0 0-0 9. a4 Qc7 10. a5 Be6 11. Be3 Nbd7 12. Nd5 Nxd5 13. exd5 Bf5 14. c4 Rac8 15. Rc1 Qd8 16. Qd2 h6 17. f4 exf4 18. Bxf4 Bg6 19. Nd4 Nc5 20. b4 Ne4 21. Qe3 Nf6 22. Bd3 Ng4 23. Qe2 Bf6 24. Nf5 Ne5 25. Bxe5 Bxe5 26. Qf2 Qg5 27. Kh1 Rfe8 28. c5 Qh5 29. h3 Qg5 30. Rc4 h5 31. c6 Rc7 32. h4 Qd8 33. g3 bxc6 34. Rxc6 Rb7 35. Rb6 Rxb6 36. axb6 Qa8 37. Bc4 Qb7 38. Kh2 Rb8 39. Qa2 Bxf5 40. Rxf5 Qxb6 41. Rxh5 Qxb4 42. Qxa6 Qe1 43. Rg5 Bf6 44. Rf5 Bxh4 45. Qxd6 Bxg3+ 46. Qxg3 Rb2+ 47. Kh3 Qh1+ 48. Kg4 Rg2 49. Rf4 g5 0-1

[Event "Bar City-ch"]
[Site "Bar"]
[Date "2021.12.15"]
[Round "5"]
[White "Nenezic, Danilo"]
[Black "Popovic, Zoran1111"]
[Result "1-0"]
[WhiteElo "2114"]
[BlackElo "1991"]
[PlyCount "95"]
[EventDate "2021.12.12"]
[EventType "swiss"]
[EventRounds "7"]
[EventCountry "MNE"]
[SourceTitle "CBM 205 Extra"]
[Source "ChessBase"]
[SourceDate "2022.01.31"]
[SourceVersion "1"]
[SourceVersionDate "2022.01.31"]
[SourceQuality "1"]

1. e4 e5 2. Nf3 Nf6 3. Nxe5 d6 4. Nf3 Nxe4 5. Nc3 Nxc3 6. dxc3 Be7 7. Be3 Nc6 8. Qd2 0-0 9. 0-0-0 Bg4 10. Be2 Qc8 11. h3 Bxf3 12. Bxf3 Ne5 13. Be2 Qe6 14. b3 a5 15. f4 a4 16. fxe5 axb3 17. cxb3 dxe5 18. Bc4 Qg6 19. b4 b6 20. g4 c5 21. b5 Ra4 22. Qd5 h5 23. Bb3 Ra3 24. Kb2 Rfa8 25. Qd3 e4 26. Qc4 R3a7 27. Rhg1 Bf6 28. Rd5 h4 29. Rf1 Kh8 30. Rh5+ Kg8 31. Rhf5 Rf8 32. g5 Bd8 33. Rd5 Qe6 34. Rdf5 Qg6 35. Re5 Qd6 36. Qd5 Qg6 37. Qxe4 Qd6 38. g6 Bf6 39. gxf7+ Raxf7 40. Re6 Qh2+ 41. Bc2 Bxc3+ 42. Kxc3 Rxf1 43. Qh7+ Kf7 44. Qg6+ Kg8 45. Re7 R8f7 46. Re8+ Rf8 47. Bb3+ Kh8 48. Qh5# 1-0

[Event "MNT-chT 1st League"]
[Site "Sutomore"]
[Date "2021.08.01"]
[Round "3.3"]
[White "Scekic, Veljko"]
[Black "Nenezic, Danilo"]
[Result "1/2-1/2"]
[WhiteElo "2212"]
[BlackElo "2154"]
[PlyCount "20"]
[EventDate "2021.07.31"]
[EventType "team-tourn"]
[EventRounds "9"]
[EventCountry "MNE"]
[SourceTitle "EXT 2022"]
[Source "ChessBase"]
[SourceDate "2021.10.06"]
[SourceVersion "1"]
[SourceVersionDate "2021.10.06"]
[SourceQuality "1"]
[WhiteTeam "Herceg Novi"]
[BlackTeam "Prosvjeta"]
[WhiteTeamCountry "MNE"]
[BlackTeamCountry "MNE"]

1. Nf3 Nf6 2. g3 d5 3. Bg2 Bf5 4. d3 e6 5. 0-0 Bd6 6. c4 c6 7. Nc3 Nbd7 8. cxd5 exd5 9. Bg5 h6 10. Bxf6 Nxf6 1/2-1/2

[Event "MNT-chT 1st League"]
[Site "Sutomore"]
[Date "2021.07.31"]
[Round "1.4"]
[White "Vujovic, Savo"]
[Black "Nenezic, Danilo"]
[Result "1-0"]
[WhiteElo "2145"]
[BlackElo "2154"]
[PlyCount "85"]
[EventDate "2021.07.31"]
[EventType "team-tourn"]
[EventRounds "9"]
[EventCountry "MNE"]
[SourceTitle "EXT 2022"]
[Source "ChessBase"]
[SourceDate "2021.10.06"]
[SourceVersion "1"]
[SourceVersionDate "2021.10.06"]
[SourceQuality "1"]
[WhiteTeam "Crnogorac"]
[BlackTeam "Prosvjeta"]
[WhiteTeamCountry "MNE"]
[BlackTeamCountry "MNE"]

1. e4 c5 2. Nf3 a6 3. Nc3 d6 4. d4 cxd4 5. Nxd4 Nf6 6. Bg5 e5 7. Bxf6 Qxf6 8. Nd5 Qd8 9. Nf5 g6 10. Nfe3 Be6 11. Bc4 Nd7 12. Qf3 Rc8 13. Bb3 Bg7 14. Nc3 0-0 15. 0-0 Nc5 16. Bd5 b5 17. Rfd1 b4 18. Ne2 Qe7 19. a3 bxa3 20. Rxa3 Rb8 21. b3 Rfc8 22. Nc4 Bxd5 23. Rxd5 Ne6 24. g3 Rc6 25. h4 h5 26. Qd3 Bf8 27. Rda5 Nc7 28. Nc3 Ne6 29. Nd5 Qb7 30. Qd1 Nc5 31. Qe2 Qc8 32. Qe1 Ne6 33. c3 Nc5 34. Nb4 Rc7 35. Ne3 Kg7 36. Ned5 Rcb7 37. Qe2 f5 38. Nxa6 Nxb3 39. Rxb3 Rxb3 40. Nxb8 Rxb8 41. Ra7+ Kh8 42. Nf6 Rb7 43. Qa6 1-0

[Event "Mediterranean-ch 11th"]
[Site "Petrovac"]
[Date "2021.06.21"]
[Round "4"]
[White "Ghnatios, Ralph"]
[Black "Nenezic, Danilo"]
[Result "1/2-1/2"]
[WhiteElo "1791"]
[BlackElo "2189"]
[PlyCount "87"]
[EventDate "2021.06.19"]
[EventType "swiss"]
[EventRounds "9"]
[EventCountry "MNE"]
[SourceTitle "CBM 203 Extra"]
[Source "ChessBase"]
[SourceDate "2021.09.30"]
[SourceVersion "1"]
[SourceVersionDate "2021.09.30"]
[SourceQuality "1"]

1. e4 c5 2. Nc3 d6 3. Nf3 a6 4. d4 cxd4 5. Nxd4 Nf6 6. Be2 e6 7. 0-0 Be7 8. Kh1 0-0 9. f4 Qc7 10. Bf3 Nc6 11. Be3 Bd7 12. a4 Rac8 13. Qe2 Nxd4 14. Bxd4 e5 15. Be3 Be6 16. Rfd1 exf4 17. Bxf4 Nd7 18. Qd2 Ne5 19. Be2 Rfd8 20. Rac1 h6 21. Nd5 Bxd5 22. Qxd5 Bg5 23. g3 Qb6 24. Qd4 Qc7 25. c4 Bf6 26. Qd5 Qb6 27. Qd4 Qb4 28. c5 dxc5 29. Qxb4 cxb4 30. Rxd8+ Rxd8 31. Rc7 Rd4 32. Rxb7 a5 33. Rb8+ Kh7 34. Rb5 Rxe4 35. Rxe5 Rxe5 36. Bxe5 Bxe5 37. b3 f5 38. Bd3 g6 39. Kg2 h5 40. Bc2 Kg7 41. Bd3 Kf6 42. Bc4 g5 43. Be2 g4 44. h3 1/2-1/2

[Event "Mediterranean-ch 11th"]
[Site "Petrovac"]
[Date "2021.06.20"]
[Round "3"]
[White "Nenezic, Danilo"]
[Black "Aydin, Gulenay"]
[Result "1/2-1/2"]
[WhiteElo "2189"]
[BlackElo "1975"]
[PlyCount "65"]
[EventDate "2021.06.19"]
[EventType "swiss"]
[EventRounds "9"]
[EventCountry "MNE"]
[SourceTitle "CBM 203 Extra"]
[Source "ChessBase"]
[SourceDate "2021.09.30"]
[SourceVersion "1"]
[SourceVersionDate "2021.09.30"]
[SourceQuality "1"]

1. e4 c5 2. Nf3 d6 3. d4 cxd4 4. Nxd4 Nf6 5. Nc3 g6 6. Be3 Bg7 7. Bc4 0-0 8. f3 Nc6 9. Qd2 Bd7 10. 0-0 Rc8 11. Nxc6 Bxc6 12. Bb3 Qc7 13. Rad1 Rfd8 14. Qf2 b6 15. Rfe1 Qb7 16. Bd4 e5 17. Be3 d5 18. Bg5 d4 19. Nd5 Bxd5 20. exd5 Re8 21. c4 b5 22. Bxf6 Bxf6 23. c5 Rxc5 24. Rxd4 exd4 25. Rxe8+ Kg7 26. Qd2 Qc7 27. Re1 a5 28. d6 Qd8 29. Re7 Bxe7 30. Qxd4+ Kg8 31. Qxc5 Qxd6 32. Qxd6 Bxd6 33. Bd5 1/2-1/2

[Event "MNT-chT"]
[Site "Podgorica"]
[Date "2020.10.11"]
[Round "4.4"]
[White "Nenezic, Danilo"]
[Black "Djokovic, Mirsad"]
[Result "1-0"]
[WhiteElo "2137"]
[BlackElo "2117"]
[PlyCount "49"]
[EventDate "2020.10.09"]
[EventType "team-tourn"]
[EventRounds "9"]
[EventCountry "MNE"]
[SourceTitle "CBM 198 Extra"]
[Source "ChessBase"]
[SourceDate "2020.11.30"]
[SourceVersion "1"]
[SourceVersionDate "2020.11.30"]
[SourceQuality "1"]
[WhiteTeam "Prosvjeta"]
[BlackTeam "7. Oktobar"]
[WhiteTeamCountry "MNE"]
[BlackTeamCountry "MNE"]

1. e4 Nf6 2. e5 Nd5 3. d4 d6 4. Nf3 Bg4 5. Be2 g6 6. Ng5 Bf5 7. e6 Bxe6 8. Nxe6 fxe6 9. Bg4 Nf6 10. Bxe6 c6 11. 0-0 Nbd7 12. Nd2 Bg7 13. Nf3 Qa5 14. Ng5 Rf8 15. Bh3 h6 16. Ne6 Rg8 17. b4 Qb6 18. c4 Kf7 19. Qb3 d5 20. c5 Qa6 21. Nc7 Qc4 22. Be6+ Kf8 23. Qxc4 dxc4 24. Nxa8 Ne8 25. Bxd7 1-0

[Event "EU-ch Amateur U2300"]
[Site "Niksic"]
[Date "2018.06.16"]
[Round "3"]
[White "Rzayev, Askar Aliakbar"]
[Black "Nenezic, Danilo"]
[Result "1-0"]
[WhiteElo "2000"]
[BlackElo "2138"]
[PlyCount "149"]
[EventDate "2018.06.14"]
[EventType "swiss"]
[EventRounds "9"]
[EventCountry "MNE"]
[SourceTitle "CBM 185 Extra"]
[Source "ChessBase"]
[SourceDate "2018.07.29"]
[SourceVersion "1"]
[SourceVersionDate "2018.07.29"]
[SourceQuality "1"]

1. Nf3 Nf6 2. b3 d6 3. d4 g6 4. Bb2 Bg7 5. g3 0-0 6. Bg2 Nbd7 7. 0-0 c6 8. c4 Ne4 9. Qc2 f5 10. Nbd2 Nxd2 11. Nxd2 e5 12. dxe5 dxe5 13. c5 Qe7 14. b4 a5 15. a3 Nb8 16. Nc4 axb4 17. axb4 Rxa1 18. Rxa1 Na6 19. Bc3 h5 20. Qb2 e4 21. Rd1 Be6 22. Nd6 Bd5 23. e3 Bxc3 24. Qxc3 Qg7 25. Qxg7+ Kxg7 26. Rb1 Rb8 27. Bf1 b5 28. cxb6 Rxb6 29. Bxa6 Rxa6 30. b5 Rb6 31. Rd1 Bb3 32. Rb1 Ba4 33. Nc4 Rxb5 34. Ra1 Rb4 35. Rc1 Kf6 36. Na5 Rb6 37. h3 Ke6 38. Kg2 Bb5 39. g4 h4 40. gxf5+ gxf5 41. Nb3 f4 42. exf4 Bd3 43. Nd4+ Kd5 44. Nf5 c5 45. Nxh4 Rf6 46. Kg3 c4 47. Ng2 Rg6+ 48. Kh2 Kd4 49. Ne3 c3 50. f5 Rg8 51. h4 Be2 52. Ra1 Kd3 53. f6 Bh5 54. Ra5 Bf7 55. Ra7 Bh5 56. Rh7 Bf3 57. Rc7 Ke2 58. f7 Rf8 59. Kg3 Bh5 60. Rxc3 Rxf7 61. Rc2+ Kd3 62. Rc5 Rf3+ 63. Kg2 Ke2 64. Rf5 Rxf5 65. Nxf5 Bg4 66. Ng3+ Kd3 67. Nf1 Bh5 68. Kg3 Ke2 69. Ne3 Ke1 70. Nd5 Bg6 71. Nf4 Bh7 72. h5 Kd2 73. Nd5 Ke2 74. Nf6 Bf5 75. Kf4 1-0

[Event "EU-ch Amateur U2300"]
[Site "Niksic"]
[Date "2018.06.15"]
[Round "2"]
[White "Nenezic, Danilo"]
[Black "Koljevic, Nikolina"]
[Result "1-0"]
[WhiteElo "2138"]
[BlackElo "1832"]
[PlyCount "63"]
[EventDate "2018.06.14"]
[EventType "swiss"]
[EventRounds "9"]
[EventCountry "MNE"]
[SourceTitle "CBM 185 Extra"]
[Source "ChessBase"]
[SourceDate "2018.07.29"]
[SourceVersion "1"]
[SourceVersionDate "2018.07.29"]
[SourceQuality "1"]

1. e4 c5 2. Nf3 Nc6 3. d4 cxd4 4. Nxd4 Nf6 5. Nc3 d6 6. h3 a6 7. g4 h6 8. Be3 Qc7 9. f4 Nxd4 10. Qxd4 e5 11. Qd3 Be6 12. f5 Bd7 13. 0-0-0 Rc8 14. g5 hxg5 15. Bxg5 Bc6 16. Kb1 b5 17. a3 Qb7 18. Bxf6 gxf6 19. h4 Be7 20. h5 b4 21. axb4 Qxb4 22. Qxa6 Bd7 23. Qd3 Rb8 24. b3 Qa3 25. Nd5 Ba4 26. Rh3 Bc6 27. Qc3 Bxd5 28. Rxd5 Kd7 29. Ra5 Qb4 30. Ra7+ Ke8 31. Qc7 d5 32. Bb5+ 1-0

[Event "Sarajevo Bosna op 48th"]
[Site "Sarajevo"]
[Date "2018.05.11"]
[Round "9"]
[White "Stankovic, Dragan"]
[Black "Nenezic, Danilo"]
[Result "0-1"]
[WhiteElo "1919"]
[BlackElo "2116"]
[PlyCount "80"]
[EventDate "2018.05.05"]
[EventType "swiss"]
[EventRounds "9"]
[EventCountry "BIH"]
[SourceTitle "CBM 184 Extra"]
[Source "ChessBase"]
[SourceDate "2018.06.28"]
[SourceVersion "1"]
[SourceVersionDate "2018.06.28"]
[SourceQuality "1"]

1. e4 c5 2. Nf3 d6 3. d4 cxd4 4. Nxd4 Nf6 5. Nc3 a6 6. g3 e6 7. Bg2 Be7 8. 0-0 0-0 9. Be3 Qc7 10. Qe2 Nc6 11. Rad1 Bd7 12. f4 Nxd4 13. Bxd4 Bc6 14. Kh1 b5 15. a3 Nd7 16. f5 Bf6 17. fxe6 fxe6 18. Qg4 Rae8 19. Ne2 Qb7 20. c3 a5 21. Ng1 b4 22. axb4 axb4 23. Nh3 bxc3 24. bxc3 Qb3 25. Rb1 Qc4 26. Rfe1 Bxd4 27. cxd4 Qxd4 28. Rbd1 Qe5 29. Nf4 Nf6 30. Qe2 Rb8 31. Qc4 Bd7 32. Qc7 Qb5 33. Qxd6 e5 34. Nd5 Bg4 35. Rc1 Qb2 36. Ne3 Bd7 37. Nc4 Qf2 38. Rf1 Qe2 39. Nxe5 Rb2 40. Rg1 Bh3 0-1

[Event "Sarajevo Bosna op 48th"]
[Site "Sarajevo"]
[Date "2018.05.09"]
[Round "7"]
[White "Janjic, Jovo"]
[Black "Nenezic, Danilo"]
[Result "0-1"]
[WhiteElo "1981"]
[BlackElo "2116"]
[PlyCount "50"]
[EventDate "2018.05.05"]
[EventType "swiss"]
[EventRounds "9"]
[EventCountry "BIH"]
[SourceTitle "CBM 184 Extra"]
[Source "ChessBase"]
[SourceDate "2018.06.28"]
[SourceVersion "1"]
[SourceVersionDate "2018.06.28"]
[SourceQuality "1"]

1. e4 c5 2. Nf3 d6 3. Nc3 a6 4. d4 cxd4 5. Nxd4 Nf6 6. Be2 e5 7. Nb3 Be6 8. Bg5 Nbd7 9. 0-0 Be7 10. Qd2 b5 11. a3 0-0 12. Rad1 Rc8 13. h3 Qc7 14. Be3 Rfd8 15. Qe1 Nb6 16. f3 d5 17. exd5 Nfxd5 18. Bd2 Nxc3 19. Bxc3 Na4 20. Rxd8+ Bxd8 21. Ba5 Qxc2 22. Bd1 Qxb2 23. Bxd8 Rxd8 24. Na5 Nc3 25. Qxe5 Nxd1 0-1

[Event "Sarajevo Bosna op 48th"]
[Site "Sarajevo"]
[Date "2018.05.08"]
[Round "6"]
[White "Nenezic, Danilo"]
[Black "Marjanovic, Dejan"]
[Result "0-1"]
[WhiteElo "2116"]
[BlackElo "2391"]
[PlyCount "130"]
[EventDate "2018.05.05"]
[EventType "swiss"]
[EventRounds "9"]
[EventCountry "BIH"]
[SourceTitle "CBM 184 Extra"]
[Source "ChessBase"]
[SourceDate "2018.06.28"]
[SourceVersion "1"]
[SourceVersionDate "2018.06.28"]
[SourceQuality "1"]

1. e4 d6 2. d4 Nf6 3. Nc3 Nbd7 4. Nf3 e5 5. Bc4 Be7 6. 0-0 0-0 7. Qe2 c6 8. a4 Qc7 9. h3 b6 10. d5 Bb7 11. dxc6 Bxc6 12. Rd1 Rad8 13. Nh2 Nc5 14. Bd5 Kh8 15. Nf1 Nxd5 16. Nxd5 Qb7 17. Ng3 Bxd5 18. exd5 f5 19. Ra3 g6 20. c4 Bf6 21. Bd2 Rc8 22. Bc3 Qe7 23. f3 Rce8 24. a5 e4 25. Bxf6+ Qxf6 26. axb6 axb6 27. b4 exf3 28. Qxf3 Nd7 29. Ra7 Ne5 30. Qf4 Rc8 31. c5 bxc5 32. bxc5 dxc5 33. Rb1 Kg8 34. Rbb7 Rf7 35. Rxf7 Nxf7 36. Ra4 Qe5 37. Qxe5 Nxe5 38. Ne2 Rb8 39. Ra7 Nd3 40. Rc7 f4 41. Nc3 Rd8 42. Ne4 Kf8 43. d6 Ne5 44. Rxc5 Nf7 45. Rd5 Re8 46. Nc5 Nd8 47. Kf2 Re3 48. h4 h6 49. Rd4 g5 50. hxg5 hxg5 51. Rd5 Nf7 52. Rf5 Re8 53. Nb7 Re5 54. Rxf7+ Kxf7 55. d7 Rd5 56. d8Q Rxd8 57. Nxd8+ Kf6 58. Nc6 Kf5 59. Ne7+ Ke4 60. Ng8 g4 61. Nh6 g3+ 62. Ke2 f3+ 63. gxf3+ Kf4 64. Ng4 g2 65. Nf2 Kg3 0-1

[Event "MNT-ch sf"]
[Site "Podgorica"]
[Date "2018.03.16"]
[Round "3"]
[White "Nenezic, Danilo"]
[Black "Kisic, Bozidar"]
[Result "0-1"]
[WhiteElo "2150"]
[BlackElo "2212"]
[PlyCount "37"]
[EventDate "2018.03.15"]
[EventType "swiss"]
[EventRounds "9"]
[EventCountry "MNE"]
[SourceTitle "EXT 2019"]
[Source "ChessBase"]
[SourceDate "2018.10.10"]
[SourceVersion "1"]
[SourceVersionDate "2018.10.10"]
[SourceQuality "1"]

1. e4 g6 2. d4 Bg7 3. Nc3 d6 4. Be3 a6 5. Be2 Nd7 6. h4 h6 7. Qd2 b5 8. 0-0-0 Bb7 9. d5 c5 10. dxc6 Bxc6 11. Bd4 Ngf6 12. f3 Qa5 13. a3 Qc7 14. Nh3 Qb7 15. Nb1 Rc8 16. Nf2 e5 17. Be3 Bf8 18. g4 Nc5 19. Bxc5 0-1

[Event "Belgrade Zimski op"]
[Site "Belgrade"]
[Date "2005.02.01"]
[Round "9"]
[White "Sarenac, Ivan"]
[Black "Nenezic, Danilo"]
[Result "1-0"]
[WhiteElo "2064"]
[BlackElo "2209"]
[PlyCount "65"]
[EventDate "2005.01.22"]
[EventType "swiss"]
[EventRounds "9"]
[EventCountry "YUG"]
[SourceTitle "CBM 104 Extra"]
[Source "ChessBase"]
[SourceDate "2005.03.01"]
[SourceVersion "1"]
[SourceVersionDate "2005.03.01"]
[SourceQuality "1"]

1. e4 c6 2. d4 d5 3. e5 Bf5 4. Nc3 e6 5. g4 Bg6 6. Nge2 Bb4 7. h4 Be4 8. Rh3 h6 9. Bd2 Bh7 10. f4 Nd7 11. Ng3 Qb6 12. a3 Bxc3 13. Bxc3 0-0-0 14. Qd2 Qc7 15. f5 Ne7 16. fxe6 fxe6 17. 0-0-0 Rdf8 18. Nh5 Rhg8 19. Nf4 Rxf4 20. Qxf4 Rf8 21. Qe3 Be4 22. Bd3 c5 23. Bxe4 dxe4 24. Qxe4 Nd5 25. Rf3 Rg8 26. Qh7 Rf8 27. Rxf8+ Nxf8 28. Qg8 Qd8 29. Rf1 Nd7 30. Qxe6 Nxc3 31. bxc3 Kb8 32. Qd6+ Kc8 33. Rf7 1-0